000 02046nab a2200241 i 4500
003 BR-BrBNA
005 20250130160752.0
008 250130b2012 bl.qr|pooa||| 00| 0 spa |
040 _aBR-BrBNA
_bspa
072 _aF70
100 _aAmaya, Alix
100 _aPopovkin, Alex
245 _aMalanea revolutifolia (Guettardeae: Rubiaceae), una nueva especie del noreste de Brasil
500 _aPublicação on-line; 9 ref.; 2 illus.; Summaries (En, Es)
520 _a Resumen Se describe e ilustra Malanea revolutifolia, una nueva especie proveniente del bosque atlántico de Brasil, así mismo se incluye una clave para diferenciar algunas especies de Malanea que crecen en Brasil. M. revolutifolia es similar a M. forsteronioides y M. microphylla de las cuales se distingue principalmente por presentar hojas elípticas fuertemente revolutas 2,8–7,5 × 2–3,5 cm, cáliz profundamente dividido, lóbulos 3–4 mm de largo. Frutos drupas fusiformes a elípticas, pireno 5–7 × 2–2,5 mm. Palabras-clave: arbusto decumbente, bosque atlántico, Brasil, Malanea, Rubiaceae. Abstract Malanea revolutifolia, a new species from the Atlantic forest of northeastern Brazil is described and illustrated, with a key to differentiate some related Brazilian species. M. revolutifolia is similar to M. forsteronioides and M. microphylla, but is distinguished by its elliptical, strongly revolute leaves (2.8–7.5 × 2–3.5 cm), a deeply divided calyx, lobes 4, 3–4 mm long, drupes fusiform to elliptic, pyrenes 2, 5–7 × 2–2.5 mm. Key words: scandent shrub, Atlantic forest, Brazil, Malanea, Rubiaceae.
650 _aARBUSTO
650 _aRUBIACEAE
650 _aTAXONOMIA
773 0 _0709
_9348179
_dRio de Janeiro-RJ Jardim Botanico do Rio de Janeiro 1935
_o2025-0668
_tRodriguésia (Brazil)
_x0370-6583; 2175-7860 on-line
_gv. 63(4) p. 929-932; (2012)
_wBR2024003001
856 _uhttps://www.scielo.br/j/rod/a/KrfYKX4KfLKyG4LGxgffcZn/?format=pdf&lang=es
942 _cANA
999 _c329760
_d329760